music trivia: 1965 songs and artists - Statistics

General Stats
  • This quiz has been taken 150 times
    130 since last reset
  • The average score is 9 of 15
Answer Stats
For each of these 1965 songs... ...name the recording artist or group of record. % Correct
I Got You Babe Sonny and Cher
93%
Ticket to Ride The Beatles
92%
What's New Pussycat? Tom Jones
87%
Stop in the Name of Love The Supremes
85%
You've Lost That Lovin' Feeling The Righteous Brothers
81%
Mr. Tambourine Man The Byrds and/or Bob Dylan
79%
Wooly Bully Sam the Sham and the Pharaohs
59%
King of the Road Roger Miller
57%
As Tears Go By the Rolling Stones or Marianne Faithfull
54%
Do You Believe in Magic? The Lovin' Spoonful
48%
It's the Same Old Song The Four Tops
40%
Nowhere to Run Martha Reeves and the Vandellas
36%
Ooo Baby Baby The Miracles
34%
How Sweet It Is (To Be Loved by You) Marvin Gaye
33%
Do You Wanna Dance? The Beach Boys
22%
No matching quizzes found
Score Distribution
Percent of People with Each Score
Percentile by Number Answered
Your Score History
You have not taken this quiz since the last reset